Ciencias Sociales en América Latina y el Caribe /

שמור ב:
מידע ביבליוגרפי
Autores Corporativos: CLACSO, UBA
פורמט: Texto
יצא לאור: Buenos Aires: CENEDIC. CLACSO
תגים: הוספת תג
אין תגיות, היה/י הראשונ/ה לתייג את הרשומה!

MARC

LEADER 00000 a a2200000 04500
001 29875
003
040
090 |a 194117  |b RECURSO ELECTRONICO  
110 |a CLACSO  
245 |a Ciencias Sociales en América Latina y el Caribe /  |c CLACSO  
260 |a Buenos Aires:   |b CENEDIC. CLACSO  
500 |a Debe ser instalado.Material disponible en Libro: 0001 B736f  
710 |a UBA  
999 |c 8369  |d 8369